Systém sociálního pojištění v České republice
Historický pohľad na systém sociálneho poistenia v Čechách. Reforma verejných financií v kontexte so sociálnym poistením. Prehľad sadzieb sociálneho a zdravotného poistenia vo vybraných krajinách v roku 2004.
Gespeichert in:
| 1. Verfasser: | |
|---|---|
| Format: | Buchkapitel |
| Sprache: | Tschechisch |
| Schlagworte: | |
| Tags: |
Keine Tags, Fügen Sie das erste Tag hinzu!
|
MARC
| LEADER | 00000naa$a2200000$$$4500 | ||
|---|---|---|---|
| 001 | 0027547 | ||
| 005 | 20231017065620.4 | ||
| 041 | 0 | |a cze | |
| 044 | |a CZ | ||
| 245 | 1 | 0 | |a Systém sociálního pojištění v České republice |c Jana Janoušková |
| 520 | |a Historický pohľad na systém sociálneho poistenia v Čechách. Reforma verejných financií v kontexte so sociálnym poistením. Prehľad sadzieb sociálneho a zdravotného poistenia vo vybraných krajinách v roku 2004. | ||
| 610 | 2 | 0 | |a poistenie sociálne |
| 610 | 2 | 0 | |a história |
| 610 | 2 | 0 | |a Česko |
| 610 | 2 | 0 | |a príspevky sociálne |
| 610 | 2 | 0 | |a financie verejné |
| 610 | 2 | 0 | |a reformy |
| 610 | 2 | 0 | |a poistenie zdravotné |
| 610 | 2 | 0 | |a krajiny vyspelé |
| 100 | 1 | |a Janoušková, Jana | |